| 000 | 00739nam a2200205Ii 4500 | ||
|---|---|---|---|
| 003 | JO-AjNU | ||
| 008 | 230605s9999||||xx |||||||||||||| ||und|| | ||
| 017 | _a2005/9/2184 | ||
| 040 |
_aJO-AjNU _bara _erda _cJO-AjNU |
||
| 041 | _aara | ||
| 050 | 1 | 4 | _aAC106.B37 2005 |
| 100 | 3 |
_aالبسومي، فوز الدين, _eauthor _949540 |
|
| 245 | 0 | 0 | _aالنحت في الذاكرة : شهادات |
| 264 | 3 | 1 | _aعمان: امانة عمان الكبرى، 2005 |
| 300 | _a120ص | ||
| 336 |
_atext _btxt _2rdacontent |
||
| 337 |
_aunmediated _bn _2rdamedia |
||
| 338 |
_avolume _bnc _2rdacarrier |
||
| 650 | 4 |
_aالمقالات العربية - القرن العشرون - الاردن الصحفيون - مقالات ومحلضرات _949541 |
|
| 999 |
_aA21765 _c25333 _d25333 |
||